000 01000cam a22002651 4500
001 14069
003 BD-RjUL
005 20211208235551.0
008 140205s1961 nyua 001 0 eng
035 _a(BD-RjUL)14121
035 _a(OCoLC)3599992
040 _aDLC
_cGAT
_dUk
_dDLC
_dBD-RjUL
_beng
041 _aeng
082 0 4 _221
_a621.381
_bCRO 1961
245 1 0 _aCrossed-field microwave devices /
_cEditor in chief: E. Okress; editors: G. Mourier, J. Feinstein [and] E. Kettlewell; assistant editor: G. R. Feaster.
_nVolume II :
_pPrincipal types of crossed-field devices. Analysis of oscillator system performance. Regional progress and trends.
260 _aNew York :
_bAcademic Press,
_cc1961.
300 _axxii, 520 p. :
_billus., diagrs., tables ;
_c24 cm.
504 _aIncludes bibliographies and index.
650 0 _aElectron tubes.
_942827
650 0 _aMicrowaves.
_943972
700 1 _aOkress, E.,
_943973
942 _2ddc
_cBK
999 _c14069
_d14069